|
|
|
|
| LEADER |
00000cam a2200000 a 4500 |
| 001 |
vtls001299759 |
| 003 |
SK-MaSNL |
| 005 |
20260512140819.0 |
| 008 |
240318s1966 xr 00000 cze |
| 035 |
|
|
|a SNK000251740
|
| 040 |
|
|
|a SNK
|b slo
|c SNK
|e AACR2
|
| 041 |
0 |
|
|a cze
|
| 043 |
|
|
|a e-ne---
|
| 044 |
|
|
|a xr
|c CZ
|
| 080 |
|
|
|a 75.071.1
|2 2001
|
| 080 |
|
|
|a (492)
|2 2001
|
| 080 |
|
|
|a (084.12)
|2 2001
|
| 100 |
1 |
|
|a Štech, Václav Vilém,
|d 1885-1974
|4 aut
|9 119419
|
| 245 |
1 |
0 |
|a Rembrandt
|c V. V. Štech
|
| 260 |
|
|
|a Praha
|b Odeon
|c 1966
|
| 300 |
|
|
|a 484 s.
|b fotogr.
|c 24 cm
|
| 600 |
0 |
7 |
|a Rembrandt Harmenszoon van Rijn,
|d 1606-1669
|2 SNKMA
|9 209020
|
| 650 |
0 |
7 |
|a maliari
|2 SNKPH
|9 3150
|
| 651 |
|
7 |
|a Holandsko
|2 SNKPH
|9 17433
|
| 655 |
|
7 |
|a fotografické publikácie
|2 SNKPH
|9 70483
|
| 852 |
|
|
|a Štátna vedecká knižnica v Banskej Bystrici
|
| 958 |
|
|
|a OND
|
| 999 |
|
|
|c 973576
|d 975506
|
| 952 |
|
|
|t P60, <04>, [BOOK], {604}
|a SNK
|b SNK
|y VYP
|7 0
|p 17A0090832
|o snkIB 18360
|0 0
|1 0
|4 0
|d 1997-08-19
|l 0
|r 2005-01-02 00:00:00
|w 2026-02-24
|
| 952 |
|
|
|t P60, <04>, [BOOK], {604}
|a SNK
|b SNK
|y VYP
|7 0
|p 17A0145817
|o snkIB 18360 D1
|i snkKIP 4354/66
|0 0
|1 1
|4 0
|d 1998-06-30
|l 0
|r 2005-01-02 00:00:00
|w 2026-02-24
|